<?xml version="1.0" encoding="UTF-8"?>
<marc:record xmlns:marc="http://www.loc.gov/MARC21/slim">
   <marc:leader>00000nam a2200000 a 4500</marc:leader>
   <marc:datafield ind1="1" ind2=" " tag="100">
      <marc:subfield code="a">Morris</marc:subfield>
      <marc:subfield code="4">aut</marc:subfield>
      <marc:subfield code="e">Verfasser/-in</marc:subfield>
   </marc:datafield>
   <marc:datafield ind1=" " ind2=" " tag="653">
      <marc:subfield code="a">Comic</marc:subfield>
   </marc:datafield>
   <marc:datafield ind1="0" ind2="0" tag="245">
      <marc:subfield code="a">Lucky Luke - Die Ursprünge</marc:subfield>
   </marc:datafield>
   <marc:datafield ind1="0" ind2="0" tag="245">
      <marc:subfield code="b">Band 100</marc:subfield>
   </marc:datafield>
   <marc:datafield ind1=" " ind2="1" tag="264">
      <marc:subfield code="b">Ehapa Verlag Gmbh</marc:subfield>
      <marc:subfield code="c">2021</marc:subfield>
   </marc:datafield>
   <marc:datafield ind1="1" ind2=" " tag="520">
      <marc:subfield code="a">Mit seinem 1946 erschienenen Western-Comic "Arizona 1880" schrieb der damals noch junge Künstler Morris Geschichte - denn sie begründete einen bis dato 75 Jahre währenden Welterfolg: Die Geburt des berühmtesten Cowboy-Helden, Lucky Luke. Seit 1946 erschienen unzählige Lucky Luke Alben, die sich weltweit weit über 100 Millionen mal verkauft haben, davon über 30 Millionen in Deutschland. Dieses Album zum 75. Geburtstag des Western-Helden, mit der Nummer 100, enthält die ersten beiden Lucky-Luke-Geschichten, die noch nie im Rahmen der regulären Albenreihe erschienen sind.</marc:subfield>
   </marc:datafield>
   <marc:datafield ind1=" " ind2=" " tag="020">
      <marc:subfield code="a">9783770401222</marc:subfield>
      <marc:subfield code="9">9783770401222</marc:subfield>
   </marc:datafield>
</marc:record>
